Catalogue des livres composant la bibliothèque de feu Wladimir Brunet de Presles. (Record no. 185147)
[ view plain ]
| 000 -LEADER | |
|---|---|
| campo de control de longitud fija | 00568nam a2200145 i 4500 |
| 001 - NÚMERO DE CONTROL | |
| campo de control | 185147 |
| 003 - IDENTIFICADOR DE NÚMERO DE CONTROL | |
| campo de control | ES-MaACL |
| 005 - FECHA Y HORA DE LA ÚLTIMA TRANSACCIÓN | |
| campo de control | 20230906222346.0 |
| 008 - DATOS DE LONGITUD FIJA--INFORMACIÓN GENERAL | |
| campo de control de longitud fija | 160329q18701879fr |||| | fre d |
| 245 00 - MENCIÓN DEL TÍTULO | |
| Título | Catalogue des livres composant la bibliothèque de feu Wladimir Brunet de Presles. |
| 260 ## - PUBLICACIÓN, DISTRIBUCIÓN, ETC. | |
| Lugar de publicación, distribución, etc. | [S.l. : |
| Nombre del editor, distribuidor, etc. | s.n., |
| Fecha de publicación, distribución, etc. | 187?] ( |
| Fabricante | Vves. Renou, Maulde et Cock) |
| 300 ## - DESCRIPCIÓN FÍSICA | |
| Extensión | 16 p. ; |
| Dimensiones | 23 cm. |
| 600 14 - PUNTO DE ACCESO ADICIONAL DE MATERIA--NOMBRE DE PERSONA | |
| Nombre de persona | Brunet de Presle, Wladimir ( |
| Fechas asociadas al nombre | 1809-1875)- |
| Subdivisión general | Biblioteca- |
| Subdivisión de forma | Catálogos. |
| 9 (RLIN) | 159241 |
| 852 ## - LOCALIZACIÓN | |
| Ubicación | ES-MaACL |
| Número de control de estantería | T-205-F-19 |
| Nota libre | .- Enc. en un vol. facticio falto de la cub. original |
| Estatus retirado | Estado de pérdida | Estado de daño | No para préstamo | Colección | Biblioteca de origen | Biblioteca actual | Ubicación en estantería | Fecha de adquisición | Fuente de adquisición | Total de préstamos | Signatura topográfica completa | Código de barras | Visto por última vez | Precio de reemplazo | Tipo de ítem Koha |
|---|---|---|---|---|---|---|---|---|---|---|---|---|---|---|---|
| Colección de folletos | Biblioteca del Ateneo de Madrid | Biblioteca del Ateneo de Madrid | Depósito folletos | 29/03/2016 | T-205-F-19 | 1195024 | 23/02/2023 | 23/02/2023 | Folleto |
